LEADER 01142nam a2200289 a 4500 001 000000126456 003 CaOOAMICUS 005 20111007114705.0 008 111007s2011 it adkc u000 u ita r 040 $aPUL$bita 082 04$a510 245 02$aL'arte di contare :$bcalcolo combinatorio ed enumerazione. 260 $aMilano :$bRBA Italia,$cİ2011. 300 $a141 p. :$bill., grafici, form., ritr. ;$c24 cm 490 1 $aMondo matematico 500 $aInclude indice. 504 $aBibliografia p. 137. 650 4$aMatematica.$0(OLS)http://pul/subject/6747 650 4$aCalcolo.$0(OLS)http://pul/subject/38253 830 0$aMondo matematico (RBA Italia).$0(OLS)http://pul/title/156832 850 $aPUL 852 $aPUL$W1$xDP2 Cons. Gen., Altre Classi 3$y97$m510 COLL 1.34$j146255$qDDC 21$B144933$CPULBib$Z2$F144933 $H118299 $82 941 1 $a9 996 $6082$a510$9(OLS)http://pul/classification/517 996 $6245$aL'arte di contare :$bcalcolo combinatorio ed enumerazione$9(OLS)http://pul/title/159724 996 $6260$aMilano :$bRBA Italia$9(OLS)http://pul/publisher/80118 LEADER 01173nam a2200301 a 4500 001 000000126685 003 CaOOAMICUS 005 20111025131139.0 008 111025s2011 it u000 u ita r 020 $a978-88-01-04800-1 040 $aPUL$bita 082 04$a241 100 1 $aGhidelli, Carlo.$0(OLS)http://pul/name/25022 245 13$aLa famiglia: una pagina di Vangelo /$cCarlo Ghidelli. 260 $aLeumann (TO) :$bElledici,$c2011. 300 $a287 p. ;$c21 cm. 490 1 $aMatrimonio e famiglia 505 $aContiene appendice. 650 4$aFamiglia$xMorale cattolica.$0(OLS)http://pul/subject/38149 830 0$aMatrimonio e famiglia (Elledici).$0(OLS)http://pul/title/160016 850 $aPUL 852 $aPUL$W1$xSL Religione 3$y85$m241 GHICA 1$j146470$qDDC 21$B145177$CPULBib$Z2$F145177 $H118220 $82 941 1 $a9 996 $6020$a978-88-01-04800-1$9(OLS)http://pul/number/148240 996 $6082$a241$9(OLS)http://pul/classification/246 996 $6245$aLa famiglia: una pagina di Vangelo$9(OLS)http://pul/title/160015 996 $6260$aLeumann (TO) :$bElledici$9(OLS)http://pul/publisher/79122